| 000 | 00522nam a2200181Ia 4500 | ||
|---|---|---|---|
| 003 | IN-BaIIA | ||
| 008 | 211028s9999 xx 000 0 eng d | ||
| 020 | _a0-309-02100-6 | ||
| 040 | _cIIA Library | ||
| 080 |
_a530.1 _bNAS-2A |
||
| 110 |
_aUnited States. National Research Council _9489 |
||
| 245 | 0 |
_aPhysics in perspective _bvol. II, pt. A _cJoseph D. Martin, |
|
| 260 |
_aWashington _bNational Academy of Sciences _c1972 |
||
| 300 | _axiii, 747p. | ||
| 650 | _aNASA Thesaurus | ||
| 650 |
_aPhysics _973 |
||
| 942 | _cBK | ||
| 999 |
_c8246 _d8246 |
||